000 00416nam a2200181Ia 4500
008 230524s9999 xx 000 0 und d
020 _a8120309448
082 _a6.6
_bHEA
100 _aDonald.Hearn
245 0 _aComputer Graphics
250 _a2ND
260 _aNEW DELHI
_bPHI
_c2000
300 _aXIX;652
500 _aQuantity Number: 181
650 _aComp-Sc
700 _a M.Pauline Baker
942 _cBK
999 _c5726
_d5726